Statistics for Name Every Rugby League Position

Click here to take the quiz!

General Stats

  • This quiz has been taken 256 times
  • The average score is 7 of 9

Answer Stats

Positions% Correct
Wing
97%
Fullback
94%
Centre
93%
Prop
93%
Hooker
87%
Second Row
76%
Halfback
67%
Lock
61%
Five Eight
50%

Score Distribution

Percentile by Number Answered

Percent of People with Each Score

Your Score History

You have not taken this quiz